000 01002pam a2200301 a 4500
001 2123766
003 OSt
005 20151013141313.0
008 970220s1998 njua b 001 0 eng
010 _a 97009209
020 _a0135983436
040 _aDLC
_cDLC
_dDLC
043 _an-us---
050 0 0 _aLB1585.3
_b.H69 1998
082 0 0 _a372.3/5
_221
100 1 _aHowe, Ann C.
245 1 0 _aEngaging children in science /
_cAnn C. Howe, Linda Jones.
250 _a2nd ed.
260 _aUpper Saddle River, N.J. :
_bMerrill,
_cc1998.
300 _axvi, 352 p. :
_bill. ;
_c24 cm.
504 _aIncludes bibliographical references and index.
650 0 _aScience
_xStudy and teaching (Elementary)
_zUnited States.
650 0 _aEducation, Elementary
_xActivity programs
_zUnited States.
700 1 _aJones, Linda,
_d1932-
906 _a7
_bcbc
_corignew
_d1
_eocip
_f19
_gy-gencatlg
942 _2lcc
_cBK
999 _c250512
_d250512